| 000 | 01679 a2200385 4500 | ||
|---|---|---|---|
| 999 |
_c200128691 _d848 |
||
| 001 | 200128691 | ||
| 003 | TR-AnTOB | ||
| 005 | 20240815145315.0 | ||
| 008 | 130429s2009 tu 000 0 | ||
| 020 | _a9789751622129 | ||
| 040 |
_aTR-AnTOB _cTR-AnTOB |
||
| 041 |
_atur _aeng |
||
| 050 | 0 |
_aZ716.9 _b.I58 2011 |
|
| 090 | _aZ716.9 .I58 2011 | ||
| 111 | 0 |
_987086 _aInternational Congress Of Asian And North African Studies _n(38th : _d2007 : _cAnkara, Turkey) |
|
| 245 | 1 | 0 |
_a38. ICANAS (Uluslararası Asya ve Kuzey Afrika çalışmaları kongresi) 10-15 Eylül 2007,Ankara/Türkiye : _bBildiriler : _bMüzeler,arşivler,kütüphaneler,yayınevleri,telif hakları / _cYay. haz. Zeki Dilek...[et al]. |
| 246 | 1 |
_a38th ICANAS (International congress of Asian and North African studies) 10-15 September 2011, Ankara /Turkey _bpapers: Museums,archives,libraries,publishers copyright issue. |
|
| 264 | 1 |
_aAnkara: _bAtaturk Kultur Dil ve Tarih Yuksek Kurumu , _c2011 |
|
| 300 |
_a430 p.; _c24 cm. |
||
| 336 |
_2rdacontent _atext _btxt |
||
| 337 |
_2rdamedia _aunmediated _bn |
||
| 338 |
_2rdacarrier _avolume _bnc |
||
| 490 | 0 |
_aAtatürk Kültür,Dil Ve Tarih Yüksek Kurumu Yayınları ; _v8 |
|
| 504 | _aIncludes bibliographical references. | ||
| 650 | 7 |
_aKütüphaneler ve müzeler _2etuturkob _987120 |
|
| 650 | 0 |
_aLibraries and museums _987121 |
|
| 700 | 1 |
_aÖzer, Zeynep Bağlan _931411 |
|
| 700 | 1 |
_aDilek, Zeki _932465 |
|
| 700 | 1 |
_aAkbulut, Mustafa _987083 |
|
| 700 | 1 |
_aGürses, Reşide _987084 |
|
| 700 |
_aKarababa Taşkın, Banu _987089 |
||
| 710 | 2 |
_aAtatürk Kültür, Dil, ve Tarih Yüksek Kurumu (Turkey) _98548 |
|
| 942 |
_cBK _2lcc |
||